التمرد الارمني في "وان" / (Record no. 2561)

MARC details
000 -LEADER
fixed length control field 00859nam a2200217 ar4500
001 - CONTROL NUMBER
control field 2563
005 - DATE AND TIME OF LATEST TRANSACTION
control field 20221127090509.0
008 - FIXED-LENGTH DATA ELEMENTS--GENERAL INFORMATION
fixed length control field 110420s le a 00010|ara d
020 ## - INTERNATIONAL STANDARD BOOK NUMBER
International Standard Book Number 9786140100039
082 04 - DEWEY DECIMAL CLASSIFICATION NUMBER
Classification number 956.1015
Item number ت629
245 02 - TITLE STATEMENT
Title التمرد الارمني في "وان" /
Statement of responsibility, etc. تاليف جاستن ماكارثي ...[واخ.].
250 ## - EDITION STATEMENT
Edition statement ط. 1.
260 ## - PUBLICATION, DISTRIBUTION, ETC.
Place of publication, distribution, etc. بيروت :
Name of publisher, distributor, etc. الدار العربية للعلوم،
Date of publication, distribution, etc. 2010.
300 ## - PHYSICAL DESCRIPTION
Extent 381 ص. :
Other physical details ايض.، خرائط ؛
Dimensions 24 سم.
500 ## - GENERAL NOTE
General note ترجمة لكتاب : The Armenian rebellion at Van.
504 ## - BIBLIOGRAPHY, ETC. NOTE
Bibliography, etc. note يتضمن ارجاعات ببليوجرافية.
651 #4 - SUBJECT ADDED ENTRY--GEOGRAPHIC NAME
Geographic name ارمينيا(تركيا)
General subdivision تاريخ
Chronological subdivision القرن 19.
651 #4 - SUBJECT ADDED ENTRY--GEOGRAPHIC NAME
Geographic name تركيا
General subdivision تاريخ
Chronological subdivision القرن 19.
651 #4 - SUBJECT ADDED ENTRY--GEOGRAPHIC NAME
Geographic name وان(تركيا)
General subdivision تاريخ
Chronological subdivision القرن 19.
700 0# - ADDED ENTRY--PERSONAL NAME
Personal name ماكارثي، جاستن.
Holdings
Withdrawn status Lost status Source of classification or shelving scheme Damaged status Not for loan Home library Current library Date acquired Total Checkouts Full call number Barcode Date last seen Copy number Price effective from Koha item type
          CENTRAL CENTRAL 11/27/2022   956.1015 ت629 1000000003108 11/27/2022 C1 11/27/2022 Book